Wine Regions of Southern Italy (typing) - Statistics

General Stats
  • This quiz has been taken 150 times
  • The average score is 4 of 6
Answers on the Map
Answers color-coded by a green-red scale on the quiz's map according to % correct below.
 
Answer Stats
Answer % Correct
Etna
93%
Taurasi
77%
Greco di Tufo
75%
Fiano di Avellino
66%
Aglianico del Vulture
59%
Salice Salentino
50%
No matching quizzes found
Score Distribution
Percent of People with Each Score
Percentile by Number Answered
Your Score History
You have not taken this quiz